000 00443nam a22001817a 4500
003 OSt
005 20251003125605.0
008 251003b |||||||| |||| 00| 0 eng d
020 _a9789349597495
082 _a8H3
_bSHAE
100 _aSharma, Anurodh
245 _aEk Kitaab ki maut : Tatha any kahaniya
260 _aPrayagraj
_bRudraditya Prakashan
300 _a136p.
546 _aHindi
651 _aHindi Fiction
942 _2ddc
_cBK
999 _c3863
_d3863